000 00299nam a2200121Ia 4500
008 190216s9999||||xx |||||||||||||| ||und||
100 _aTaras Shevchenko
245 0 _aSelected Works
260 _b"Progress Publishers, Moscow"
_c1967
300 _a468p
650 _aEnglish Literature
942 _cBK
999 _c12026
_d12026